Every World Capital by Picture with Hints - Statistics

General Stats
  • This quiz has been taken 1,227 times
    56 since last reset
  • The average score is 62 of 200
Answer Stats
Picture Hint Answer % Correct
______ Eye London
83%
Saint Basil's Cathedral Moscow
83%
National Library of Kosovo Pristina
83%
Parthenon Athens
80%
Petronas Towers Kuala Lumpur
80%
Colosseum Rome
80%
Sensō-ji Tokyo
80%
Forbidden City Beijing
77%
Brandenburger Tor Berlin
77%
Arc de Triomphe Paris
77%
Teatro Nacional de Costa Rica San José
73%
Gyeongbokgung Seoul
73%
Marina Bay Sands Singapore
73%
Macedonia Square Skopje
73%
Dome of the Rock Jerusalem
70%
Hallgrímskirkja Reykjavík
70%
Yemen Gate Sana'a
70%
St. Peter's Basilica Vatican City
70%
Rijksmuseum Amsterdam
67%
______ 101 Taipei
67%
Atomium Brussels
63%
Panteón Nacional de Venezuela Caracas
63%
Basilique Sainte-Anne-du-Congo Brazzaville
60%
The Pearl Doha
60%
Solomon Islands National Museum Honiara
60%
Mansu Hill Grand Monument Pyongyang
60%
____ Fiji Temple Suva
60%
Schloss Schönbrunn Vienna
60%
Wat Arun Bangkok
57%
Table Mountain Cape Town
57%
St. Patrick's Cathedral Dublin
57%
Imperial Citadel of Thăng Long Hanoi
57%
Dragon Bridge Ljubljana
57%
Capitol of Palau Ngerulmud
57%
______ Castle and Charles Bridge Prague
57%
Schloss _____ Vaduz
57%
Anıtkabir Ankara
53%
____er Münster Bern
53%
Catedral Primada de Colombia Bogotá
53%
Parliament House Canberra
53%
Fongafale Funafuti
53%
____ Malé
53%
__________ Monument Washington D.C.
53%
Parliament Building Gaborone
50%
Palacio Real de ______ Madrid
50%
Sultan Qaboos Grand Mosque Muscat
50%
Kenyatta International Convention Centre Nairobi
50%
The Royal at Atlantis Nassau
50%
Place de la Nation N'Djamena
50%
Parliament of ________ Budapest
47%
________ Cathedral Helsinki
47%
Vasa Museum Stockholm
47%
Skanderbeg Square Tirana
47%
Al-Shaheed Monument Baghdad
43%
Ponte 25 de Abril Lisbon
43%
Uppatasanti Pagoda Naypyidaw
43%
Kingdom Centre Riyadh
43%
Gran Torre ________ Santiago
43%
Azadi Tower Tehran
43%
Humayun's Tomb New Delhi
40%
Independence Monument Phnom Penh
40%
Fortress of Guaita San Marino
40%
____ Boulevard Baku
37%
Al-Azhar Mosque Cairo
37%
Rosenborg Castle Copenhagen
37%
Rizal Park Manila
37%
Port Hercule Monaco
37%
Bab el Bhar Tunis
37%
Sheikh Zayed Grand Mosque Abu Dhabi
33%
Bayterek Tower Astana
33%
Omar Ali Saifuddien Mosque Bandar Seri Begawan
33%
Palace of the Parliament Bucharest
33%
Obelisco de ______ _____ Buenos Aires
33%
Monument de la Renaissance africaine Dakar
33%
Umayyad Mosque Damascus
33%
National Heroes Acre Harare
33%
______ Towers Kuwait City
33%
Hassan Tower Rabat
33%
Parliament Building South Tarawa
33%
Palace of Culture and Science Warsaw
33%
Ala-Too Square Bishkek
30%
Capitolio de la ______ Havana
30%
____ Opera House Oslo
30%
Voortrekker Monument Pretoria
30%
House of the Blackheads Riga
30%
Windsor Park Roseau
30%
Palacio Nacional Santo Domingo
30%
Viru Gate Tallinn
30%
Parliament House Yaren
30%
Temple of Hercules Amman
27%
Església de Sant Esteve Andorra la Vella
27%
Mohammad Al-Amin Mosque Beirut
27%
Parliament Buildings Bridgetown
27%
Baía de ______ Luanda
27%
______ Manama
27%
Parliament Hill Ottawa
27%
Baščaršija Sarajevo
27%
Amir Timur Museum Tashkent
27%
Gandantegchinlen Monastery Ulaanbaatar
27%
Basilica of Our Lady of Mount Carmel Valletta
27%
______ Cathedral Zagreb
27%
Catedral Metropolitana de ________ Brasília
23%
Durbar Square Kathmandu
23%
St. Sophia Cathedral Kyiv
23%
Illimani La Paz
23%
______ Atoll Majuro
23%
Palacio de Bellas Artes Mexico City
23%
Church of All Saints Minsk
23%
The Tomb of the Unknown Soldier Mogadishu
23%
Palacio Salvo Montevideo
23%
Iririki Island Port Vila
23%
_____ _______ Saint George's
23%
_____ _____ Saint John's
23%
Monumento al Divino Salvador del Mundo San Salvador
23%
Parliament Building Sri Jayawardenepura Kotte
23%
Gediminas' Tower Vilnius
23%
Kwame Nkrumah Mausoleum Accra
20%
Fourth Raadsaal Bloemfontein
20%
Faisal Mosque Islamabad
20%
Adolphe Bridge Luxembourg
20%
Praça da Independência Maputo
20%
F&F Tower Panama City
20%
Millennium Bridge Podgorica
20%
Catedral de ___ ____ São Tomé
20%
Alexander Nevsky Cathedral Sofia
20%
Patuxai Vientiane
20%
Aso Rock Abuja
17%
Notre-Dame d'Afrique Algiers
17%
Temple of Saint Sava Belgrade
17%
Mosquée Turque de Koloma Conakry
17%
Cristo Rei Beach Dili
17%
Nyerere Square Dodoma
17%
Rudaki Park Dushanbe
17%
Cathédrale du Christ-Roi de ______ Gitega
17%
Catedral Metropolitana de Santiago de _________ Guatemala City
17%
______ Convention Centre Kigali
17%
Devon House Kingston
17%
_________ Anglican Church Kingstown
17%
Antigua Catedral de _______ Managua
17%
_____ Praia
17%
Arch of Marcus Aurelius Tripoli
17%
Cafesjian Center for the Arts Yerevan
17%
Holy Trinity Cathedral Addis Ababa
13%
Lac Anosy Antananarivo
13%
Arch 22 Banjul
13%
National Assembly Building Belmopan
13%
Church of St. Elizabeth (Blue Church) Bratislava
13%
________ Harbour Castries
13%
National Monument Jakarta
13%
Sakhi Shrine Kabul
13%
Corinthia Hotel Khartoum
13%
Catedral de ____ Lima
13%
Pwisehn Malek Palikir
13%
Sockalingum Meenatchee Ammen Kovil Port Louis
13%
National Parliament House Port Moresby
13%
Virgen de El Panecillo Quito
13%
Iglesia Santa María de los Dolores Tegucigalpa
13%
Memorial Chorten Thimphu
13%
Arul Mihu Navasakthi Vinayagar Temple Victoria
13%
__________ Harbour Wellington
13%
Church of Our Lady of the Rosary Asmara
10%
Cathédrale Notre-Dame de ______ Bangui
10%
Monumento aos Heróis da Independência Bissau
10%
Nativity Cathedral Chișinău
10%
Ahsan Manzil Dhaka
10%
Mosquée Al-Hamoudi Djibouti
10%
Cotton Tree Freetown
10%
Tour de l'Échangeur Kinshasa
10%
Grand Masonic Temple Monrovia
10%
Ancienne Mosquee du Vendredi Moroni
10%
Musée National Boubou-Hama Niamey
10%
Selimiye Mosque Nicosia
10%
Royal Palace Nuku'alofa
10%
Tour 2004 Bicentennial Monument Port-au-Prince
10%
Grande Mosquée de _____-____ Porto-Novo
10%
Christ Church Windhoek
10%
Basilique Notre-Dame-de-la-Paix de ____________ Yamoussoukro
10%
Neutrality Monument Ashgabat
7%
Panteón Nacional de los Héroes Asunción
7%
Port Zante Basseterre
7%
Twin Towers Ciudad de la Paz
7%
Place de l'Étoile rouge Cotonou
7%
St. George's Cathedral Georgetown
7%
All Saints Cathedral Juba
7%
Bahá'í House of Worship Kampala
7%
Cathédrale du Sacré-Cœur de ____ Lomé
7%
Monuments des Martyrs Ouagadougou
7%
Arya Dewaker Paramaribo
7%
Stollmeyer's Castle Port-of-Spain
7%
Catedral Metropolitana de _____ Sucre
7%
Narikala Tbilisi
7%
Monument de la réunification Yaoundé
7%
Immaculate Conception Cathedral Apia
3%
Monument Al Quoods Bamako
3%
World War I Memorial Lilongwe
3%
______ National Museum Lusaka
3%
Our Lady of Victories Cathedral Maseru
3%
_______ Mbabane
3%
Saudi Mosque Nouakchott
3%
Mosquée du CHU Libreville
0%
No matching quizzes found
Score Distribution
Percent of People with Each Score
Percentile by Number Answered
Your Score History
You have not taken this quiz since the last reset